Kunming City Quiz - Statistics

General Stats
  • This quiz has been taken 9 times
  • The average score is 5 of 20
Answer Stats
Hint Answer % Correct
Province in which Kunming is located Yunnan
100%
Province that Kunming borders Sichuan
75%
Nickname of Kunming for its temperate weather all year round Spring City
63%
Lake located southwest of Kunming city, notable for its pollution Lake Dian
50%
City park opposite Yunnan University in northern Kunming Cuihu Park
25%
Largest waterfall in Yunnan, located on the Bajiang River Dadieshui Waterfall
25%
Famous tower in this park for which the park was named Grand View Tower
25%
Series of limestone formations located east of Kunming Shilin
25%
Governor of Yunnan in 1911 and leader of the revolution Cai E
13%
City park on the northern edge of the lake Daguan Park
13%
Group of red terraced fields north of Kunming Dongchuan Red Land
13%
Dam on the northeast edge of this lake, known for its seagulls Haigeng Dam
13%
Snow mountain with karst stones north of Kunming Jiaozi Snow Mountain
13%
Archway in the city center built during the Ming Dynasty Jinma Bijifang
13%
Series of limestone caves located east of Kunming Jiuxiang
13%
University that moved from Changsha to Kunming in 1938 NSAU
13%
International exposition held in Kunming in 1999 World Horticultural Exposition
13%
Oldest and largest Buddhist temple in Kunming Yuantong Temple
13%
Village that displays the culture of ethnic minorities in Yunnan Yunnan Nationalities Village
13%
Scenic forest park in western Kunming Xishan Forest Park
0%
No matching quizzes found
Score Distribution
Percent of People with Each Score
Percentile by Number Answered
Your Score History
You have not taken this quiz